| 000 | 00706cam a22002297 4500 | ||
|---|---|---|---|
| 999 |
_c18535 _d18535 |
||
| 001 | 6773074 | ||
| 003 | BDDh-ASL | ||
| 005 | 20231015025719.0 | ||
| 008 | 910111s1957 ii 000 0 eng | ||
| 010 | _altf90030125 | ||
| 040 |
_aDLC _cDLC _dBDDh-ASL |
||
| 050 | 0 | 0 | _a4DS Ind 283 |
| 082 |
_a954 _bMAS |
||
| 100 | 1 |
_aMajumdar, R. C. _q(Ramesh Chandra), _d1888-1980. |
|
| 245 | 1 | 4 |
_aThe Sepoy mutiny and the revolt of 1857/ _cby R. C. Majumdar. |
| 250 | _a[1st ed.] | ||
| 260 |
_aCalcutta : _bFirma K. L. Mukhopadhyay, _c1957. _c1963. |
||
| 300 |
_a503 p. : _c23 cm. |
||
| 650 | 0 | 4 |
_91358 _aRevolt _xPolitics and Government _zIndia |
| 906 |
_a0 _bcbc _cpremunv _du _encip _f19 _gy-gencatlg |
||
| 942 |
_2ddc _cBK |
||